La palabra de Cristo: repertorio de textos para el estudio de la homilías dominicales y festivas

Gorde:
Xehetasun bibliografikoak
Egile nagusia: Herrera Oria, Angel (Egilea)
Formatua: Liburua
Hizkuntza:gaztelania
Argitaratua: Madrid Católica 1955
Edizioa:2a. ed
Saila:Biblioteca de Autores Cristianos
Gaiak:
Etiketak: Etiketa erantsi
Etiketarik gabe, Izan zaitez lehena erregistro honi etiketa jartzen!

MARC

LEADER 00000nam a2200000 a 4500
001 UCL1179
003 CL-VaPUC
008 030905e19550000SP |||||||||||||||||spa|d
082 0 4 |a 251  |b HER  |2 21 
100 |a Herrera Oria, Angel  |e author  |9 576957 
245 1 3 |a La palabra de Cristo: repertorio de textos para el estudio de la homilías dominicales y festivas 
250 |a 2a. ed 
300 |a v 
942 |c BK 
945 |d 20030905 00:00:00  |a rbrito 
260 |a Madrid  |b Católica  |c 1955 
600 0 |a Jesús  |9 313614 
650 0 |a Homilías  |9 366132 
650 0 |a Homilética  |9 478090 
650 0 |a Predicación  |9 398079 
650 0 |a Textos sagrados   |9 257605 
650 0 |a Biblia  |9 257603 
650 0 |a Oratoria  |9 307605 
583 |a last modification  |c 20030905 00:00:00  |k Rodrigo Vera 
490 0 |a Biblioteca de Autores Cristianos 
999 |c 304837  |d 304835 
952 |0 0  |1 0  |4 0  |6 251_000000000000000_HER_1955  |7 0  |8 A  |9 367591  |a BIBTEO  |b BIBTEO  |d 2019-11-21  |h v.1  |i 2071649  |o 251 HER 1955  |p 2071649  |r 2025-01-17  |w 2019-11-21  |y BK  |k ICR 
952 |0 0  |1 0  |4 0  |6 251_000000000000000_HER_1955  |7 0  |8 A  |9 367592  |a BIBTEO  |b BIBTEO  |d 2019-11-21  |h v.4  |i 2071657  |o 251 HER 1955  |p 2071657  |r 2025-01-17  |w 2019-11-21  |y BK  |k ICR 
952 |0 0  |1 0  |4 0  |6 251_000000000000000_HER_1955  |7 0  |8 A  |9 367593  |a BIBTEO  |b BIBTEO  |d 2019-11-21  |h v.2  |i 2088622  |o 251 HER 1955  |p 2088622  |r 2025-01-17  |w 2019-11-21  |y BK  |k ICR 
952 |0 0  |1 0  |4 0  |6 251_000000000000000_HER_1955  |7 0  |8 A  |9 367594  |a BIBTEO  |b BIBTEO  |d 2019-11-21  |h v.3  |i 2088630  |o 251 HER 1955  |p 2088630  |r 2025-01-17  |w 2019-11-21  |y BK  |k ICR 
952 |0 0  |1 0  |4 0  |6 251_000000000000000_HER_1955  |7 0  |8 A  |9 367595  |a BIBTEO  |b BIBTEO  |d 2019-11-21  |h v.5  |i 2088649  |o 251 HER 1955  |p 2088649  |r 2025-01-17  |w 2019-11-21  |y BK  |k ICR 
952 |0 0  |1 0  |4 0  |6 251_000000000000000_HER_1955  |7 0  |8 A  |9 367596  |a BIBTEO  |b BIBTEO  |d 2019-11-21  |h v.6  |i 2088657  |o 251 HER 1955  |p 2088657  |r 2025-01-17  |w 2019-11-21  |y BK  |k ICR 
952 |0 0  |1 0  |4 0  |6 251_000000000000000_HER_1955  |7 0  |8 A  |9 367597  |a BIBTEO  |b BIBTEO  |d 2019-11-21  |h v.7  |i 2088665  |o 251 HER 1955  |p 2088665  |r 2025-01-17  |w 2019-11-21  |y BK  |k ICR 
952 |0 0  |1 0  |4 0  |6 251_000000000000000_HER_1955  |7 0  |8 A  |9 367598  |a BIBTEO  |b BIBTEO  |d 2019-11-21  |h v.8  |i 2088673  |o 251 HER 1955  |p 2088673  |r 2025-01-17  |w 2019-11-21  |y BK  |k ICR